Svedectvá období svedectvo o osudoch slovenského rodu

Salvato in:
Dettagli Bibliografici
Autore principale: Kovačič, Ľubomír Michal
Natura: Libro
Lingua:slovacco
Pubblicazione: Bratislava Občianske združenie Vzdelávanie-Veda-Výskum 2017
Soggetti:
Tags: Aggiungi Tag
Nessun Tag, puoi essere il primo ad aggiungerne!!

MARC

LEADER 00000nam a2200000 4500
001 0235767
005 20240221113227.7
020 |a 978-80-972705-0-6 
041 0 |a slo 
044 |a SK 
245 1 0 |a Svedectvá období  |b svedectvo o osudoch slovenského rodu  |c Ľubomír Michal Kovačič 
264 1 |a Bratislava  |b Občianske združenie Vzdelávanie-Veda-Výskum  |c 2017 
300 |a 368 s. 
610 2 0 |a história 
610 2 0 |a dejiny 
610 2 0 |a Slovensko 
100 1 |a Kovačič, Ľubomír Michal